LIBRARY & INFORMATION CENTRE, KCAET, TAVANUR

ONLINE PUBLIC ACCESS CATALOGUE (OPAC)

Principles of economics / (Record no. 11434)

MARC details
000 -LEADER
fixed length control field 00429cam a2200181ua 4500
041 ## - LANGUAGE CODE
Language code of text/sound track or separate title eng
082 ## - DEWEY DECIMAL CLASSIFICATION NUMBER
Classification number 330.1
Item number NAR/PR
100 ## - MAIN ENTRY--AUTHOR NAME
Personal name Narain, Brij .
245 ## - TITLE STATEMENT
Title Principles of economics /
250 ## - EDITION STATEMENT
Edition statement 4 /
260 ## - PUBLICATION, DISTRIBUTION, ETC. (IMPRINT)
Place of publication New Delhi :
Name of publisher S.Chand and Co ,
Year of publication 1956.
300 ## - PHYSICAL DESCRIPTION
Number of Pages 499 ; .
942 ## - ADDED ENTRY ELEMENTS (KOHA)
Koha item type Books
Holdings
Withdrawn status Lost status Damaged status Home library Current library Date acquired Cost, normal purchase price Full call number Accession Number Koha item type Public note
Withdrawn     KAUAET Sanskrit University 07/04/2012 10.50 330.1 7535 Books Transferred to Sanskrit University
free website counter